000 00846nas a2200289 4500
001 BR2014002355
003 BR-BrBNA
005 20231205123914.0
007 ta
008 230509b bl.|||p| |||| 00| 00por d
040 _aBR-BrBNA
_bpor
_cBiblioteca Nacional de Agricultura
041 _a(Pt)
072 _aJ14
100 1 _aBrandão, F.R.
100 1 _aGomes, L. de C.
100 1 _aCrescêncio, R.
100 1 _aCarvalho, E. da S.
245 1 _aUso de sal durante o transporte de juvenis (1Kg)de pirarucu (Arapaima gigas)
650 _aPIRARUCU
650 _aPEIXE DE ÁGUA DOCE
650 _aPEIXE SALGADO
650 _aTRANSPORTE
650 _aSTRESS
773 0 _tActa Amazonica (Brazil)
_xISSN 0044-5967
_g(Dec 2008), v.38(4) p. 767-771
_wBR2014002355
909 _a202311
_bLúcia
_c55
_dLúcia Elande
942 _2AGRIS
_n0
_cANA
999 _c236306
_d236306